Normal view
MARC view
- Muhammad Saif Ullah Khalid
Entry Personal Name
001 - CONTROL NUMBER
- control field: 70074
003 - CONTROL NUMBER IDENTIFIER
- control field: NUST
005 - DATE AND TIME OF LATEST TRANSACTION
- control field: 20210628204350.0
008 - FIXED-LENGTH DATA ELEMENTS
- fixed length control field: 210628|| aca||aabn | a|a d
040 ## - CATALOGING SOURCE
- Original cataloging agency: NUST
- Transcribing agency: NUST
100 ## - HEADING--PERSONAL NAME
- Personal name: Muhammad Saif Ullah Khalid
670 ## - SOURCE DATA FOUND
- Source citation: Work cat.: (NUST): Muhammad Saif Ullah Khalid, TH-SOF-1231-Numerical Simulations, Nonlinear Analysis and Control of Bio-inspired Flows: A Step towards Autonomous Vehicles, 2016
